God and the nations : (Record no. 108)

MARC details
000 -LEADER
fixed length control field 00908cam a2200289 a 4500
001 - CONTROL NUMBER
control field 4284566
003 - CONTROL NUMBER IDENTIFIER
control field GBCCL
005 - DATE AND TIME OF LATEST TRANSACTION
control field 20241126110330.0
008 - FIXED-LENGTH DATA ELEMENTS--GENERAL INFORMATION
fixed length control field 980805s1997 ii b 00| | eng d
020 ## - INTERNATIONAL STANDARD BOOK NUMBER
International Standard Book Number 8172143966
035 ## - SYSTEM CONTROL NUMBER
System control number (OCoLC)ocn686253848
035 ## - SYSTEM CONTROL NUMBER
System control number 4284566
040 ## - CATALOGING SOURCE
Original cataloging agency CFT
Transcribing agency CFT
Modifying agency CtY-D
050 #4 -
-- BV2061
-- .H45 1997
082 ## - DEWEY DECIMAL CLASSIFICATION NUMBER
Classification number 266.0095
Item number HED
100 1# - MAIN ENTRY--PERSONAL NAME
Personal name Hedlund, Roger E.
9 (RLIN) 1039
245 10 - TITLE STATEMENT
Title God and the nations :
Remainder of title a biblical theology of mission in the Asian context /
Statement of responsibility, etc. by Roger E. Hedlund.
260 ## - PUBLICATION, DISTRIBUTION, ETC.
Place of publication, distribution, etc. Delhi :
Name of publisher, distributor, etc. ISPCK,
Date of publication, distribution, etc. 2014, c1997.
300 ## - PHYSICAL DESCRIPTION
Extent xix, 380 p ;
Dimensions 23 cm.
490 1# - SERIES STATEMENT
Series statement ISPCK CTE ;
Volume/sequential designation 14
504 ## - BIBLIOGRAPHY, ETC. NOTE
Bibliography, etc. note Includes bibliography (p. [333]-352) and indexes.
650 #0 - SUBJECT ADDED ENTRY--TOPICAL TERM
Topical term or geographic name entry element Missions
General subdivision Biblical teaching.
9 (RLIN) 481
650 #0 - SUBJECT ADDED ENTRY--TOPICAL TERM
Topical term or geographic name entry element Missions
Geographic subdivision Asia.
9 (RLIN) 3534
650 #0 - SUBJECT ADDED ENTRY--TOPICAL TERM
Topical term or geographic name entry element Christianity and culture.
9 (RLIN) 886
830 #0 -
-- I.S.P.C.K. C.T.E. series ;
-- 14.
-- 3535
942 ## - ADDED ENTRY ELEMENTS (KOHA)
Source of classification or shelving scheme Dewey Decimal Classification
Koha item type Books
Koha issues (borrowed), all copies 519
Holdings
Withdrawn status Lost status Source of classification or shelving scheme Damaged status Not for loan Collection Home library Current Library Shelving location Date acquired Total checkouts Total renewals Full call number Barcode Date last seen Date last checked out Copy number Price effective from Koha item type
    Dewey Decimal Classification     Missions GRACE BIBLE COLLEGE GRACE BIBLE COLLEGE Ministry & Mission 2016-05-25 23 1 266.0095 HED 010449 2025-11-13 2025-11-05 c.1 2016-05-25 Books
    Dewey Decimal Classification     Missions GRACE BIBLE COLLEGE GRACE BIBLE COLLEGE Ministry & Mission 2016-05-25 66 6 266.0095 HED 013147 2025-11-17 2025-11-05 c.4 2016-05-25 Books
    Dewey Decimal Classification     Missions GRACE BIBLE COLLEGE GRACE BIBLE COLLEGE Ministry & Mission 2016-05-25 67 2 266.0095 HED 013145 2026-01-21 2026-01-16 c.2 2016-05-25 Books
    Dewey Decimal Classification     Missions GRACE BIBLE COLLEGE GRACE BIBLE COLLEGE Ministry & Mission 2016-05-25 85 8 266.0095 HED 013149 2026-02-23 2026-02-19 c.6 2016-05-25 Books
    Dewey Decimal Classification     Missions GRACE BIBLE COLLEGE GRACE BIBLE COLLEGE Ministry & Mission 2016-05-25 69 7 266.0095 HED 013148 2026-01-27 2026-01-23 c.5 2016-05-25 Books
    Dewey Decimal Classification     Missions GRACE BIBLE COLLEGE GRACE BIBLE COLLEGE Ministry & Mission 2016-05-25 70 5 266.0095 HED 013146 2026-03-06 2026-03-03 c.3 2016-05-25 Books
    Dewey Decimal Classification     Missions GRACE BIBLE COLLEGE GRACE BIBLE COLLEGE Ministry & Mission 2017-06-02 23 1 266.0095 HED 014115 2025-11-12 2025-11-05 C.7 2017-06-02 Books
    Dewey Decimal Classification     Missions GRACE BIBLE COLLEGE GRACE BIBLE COLLEGE Ministry & Mission 2017-06-02 22   266.0095 HED 014116 2026-01-27 2026-01-21 c.8 2017-06-02 Books
    Dewey Decimal Classification     Missions GRACE BIBLE COLLEGE GRACE BIBLE COLLEGE Ministry & Mission 2017-06-02 16 2 266.0095 HED 014117 2025-11-13 2025-11-13 c.9 2017-06-02 Books
    Dewey Decimal Classification     Missions GRACE BIBLE COLLEGE GRACE BIBLE COLLEGE Ministry & Mission 2017-06-02 23 2 266.0095 HED 014118 2026-01-27 2026-01-21 c.10 2017-06-02 Books
    Dewey Decimal Classification     Missions GRACE BIBLE COLLEGE GRACE BIBLE COLLEGE Ministry & Mission 2017-06-02 16   266.0095 HED 014119 2025-05-01 2024-11-18 c.11 2017-06-02 Books
    Dewey Decimal Classification     Missions GRACE BIBLE COLLEGE GRACE BIBLE COLLEGE Ministry & Mission 2017-06-02 18   266.0095 HED 014120 2025-11-12 2025-11-05 c.12 2017-06-02 Books
    Dewey Decimal Classification     Missions GRACE BIBLE COLLEGE GRACE BIBLE COLLEGE Ministry & Mission 2017-06-02 21 2 266.0095 HED 014121 2025-05-01 2025-01-13 c.13 2017-06-02 Books
    Dewey Decimal Classification     Missions GRACE BIBLE COLLEGE GRACE BIBLE COLLEGE Ministry & Mission 2017-06-02 25 1 266.0095 HED 014122 2025-05-01 2025-01-13 c.14 2017-06-02 Books
    Dewey Decimal Classification     Missions GRACE BIBLE COLLEGE GRACE BIBLE COLLEGE Ministry & Mission 2017-06-02 19 3 266.0095 HED 014123 2025-11-11 2025-11-05 c.15 2017-06-02 Books
    Dewey Decimal Classification     Missions GRACE BIBLE COLLEGE GRACE BIBLE COLLEGE Ministry & Mission 2017-06-02 24 4 266.0095 HED 014124 2025-11-12 2025-11-05 c.16 2017-06-02 Books
    Dewey Decimal Classification     Missions GRACE BIBLE COLLEGE GRACE BIBLE COLLEGE Ministry & Mission 2017-06-02 24   266.0095 HED 014125 2025-11-11 2025-11-05 c.17 2017-06-02 Books
    Dewey Decimal Classification     Missions GRACE BIBLE COLLEGE GRACE BIBLE COLLEGE Ministry & Mission 2017-06-02 40 3 266.0095 HED 014126 2026-02-09 2026-02-06 c.18 2017-06-02 Books
© Grace Bible College Library 2025